Normal view
MARC view
- Dario Maio, Anil K. Jain, Salil Prabhakar
Entry Corporate Name
001 - CONTROL NUMBER
- control field: 124707
003 - CONTROL NUMBER IDENTIFIER
- control field: NUST
005 - DATE AND TIME OF LATEST TRANSACTION
- control field: 20240722121003.0
008 - FIXED-LENGTH DATA ELEMENTS
- fixed length control field: 240722|| aca||aabn | a|a d
040 ## - CATALOGING SOURCE
- Original cataloging agency: NUST
- Transcribing agency: NUST
110 ## - HEADING--CORPORATE NAME
- Corporate name or jurisdiction name as entry element: Dario Maio, Anil K. Jain, Salil Prabhakar
670 ## - SOURCE DATA FOUND
- Source citation: Work cat.: (NUST): Davide Maltoni 124706, Handbook of fingerprint recognition , 2009.
